[Event "12th Open"]
[Site "Porto POR"]
[Date "2000.07.24"]
[Round "3"]
[White "Zlotnik,B"]
[Black "Dantas,C"]
[Result "1-0"]
[WhiteElo "2419"]
[BlackElo "2184"]

1.d4 Nf6 2.Bg5 Ne4 3.Bf4 c5 4.f3 Nf6 5.d5 d6 6.e4 Nh5 7.Be3 g6 8.Nc3 Bg7
9.Qd2 a6 10.Nge2 Nd7 11.Bh6 Bf6 12.O-O-O Ne5 13.Ng3 Ng7 14.Bg5 b5 15.Bxf6 exf6
16.f4 Nd7 17.Re1 O-O 18.Nd1 Re8 19.Ne3 Nf8 20.Be2 Ra7 21.c3 Rae7 22.Bd3 Nd7
23.Bb1 Nb6 24.Rhf1 Rf8 25.Nh1 f5 26.exf5 Bxf5 27.Bxf5 Rxe3 28.Qxe3 Nxf5 29.Qf3 Ne7
30.Rd1 Nd7 31.Nf2 Nf6 32.Rfe1 Re8 33.g4 Nc8 34.f5 Kg7 35.g5 Nh5 36.f6+ Kf8
37.Re4  1-0

[Event "WIPRO GM"]
[Site "Hyderabad IND"]
[Date "2000.07.25"]
[Round "10"]
[White "Ionov,S"]
[Black "Aarthie,R"]
[Result "1-0"]
[WhiteElo "2542"]
[BlackElo "2319"]

1.d4 Nf6 2.Bg5 Ne4 3.Bf4 d5 4.e3 g6 5.Bd3 Nf6 6.Nd2 Bg7 7.Ngf3 O-O 8.O-O Nbd7
9.Qe2 c5 10.c3 Qb6 11.Rab1 Re8 12.h3 Nh5 13.Be5 cxd4 14.Bxg7 Nxg7 15.exd4 Nf6
16.g4 Qe6 17.Ne5 Nd7 18.f4 Nxe5 19.fxe5 f6 20.Rbe1 Bd7 21.Qg2 Qc6 22.Bc2 Rad8
23.Bb3 Bc8 24.exf6 exf6 25.Ne4 Kh8 26.Nc5 Rxe1 27.Rxe1 b6 28.Nd3 Qd6 29.Qh2 Qd7
30.Qf2 Qd6 31.Qf4 Qf8 32.Qf3 Ne6 33.h4 Nc7 34.Qg3 Qg7 35.Nf4 Qd7 36.g5 f5
37.Nd3 Qg7 38.Qe5 Qxe5 39.Rxe5 Rd7 40.Nf4 Bb7 41.h5 Kg7 42.h6+ Kf8 43.Kf2 Bc6
44.Kg3 Bb7 45.Kf3 Kf7 46.Ke3 Kf8 47.c4 dxc4 48.Bxc4 Rd6 49.b3 Bc8 50.a4 Bd7
51.d5 Kf7 52.Kd4 Bc8 53.Re3 Bb7 54.Ke5 Ke7 55.Rd3 Ne8 56.Bb5 Rd8 57.Rc3 Rc8
58.Rxc8 Bxc8 59.Nxg6+  1-0

[Event "Politiken Cup"]
[Site "Copenhagen DEN"]
[Date "2000.07.28"]
[Round "11"]
[White "Ward,C"]
[Black "Mikhalevski,V"]
[Result "1-0"]
[WhiteElo "2508"]
[BlackElo "2532"]

1.d4 Nf6 2.Bg5 Ne4 3.Bf4 c5 4.f3 Qa5+ 5.c3 Nf6 6.d5 Qb6 7.Bc1 e6 8.c4 exd5
9.cxd5 c4 10.e3 Qa5+ 11.Nc3 b5 12.Qd4 Bb4 13.Qe5+ Kd8 14.Bd2 Bb7 15.d6 Nc6
16.Qg5 Rg8 17.O-O-O h6 18.Qg3 Ne8 19.Qh4+ Kc8 20.Nge2 Bxd6 21.Kb1 b4 22.Ne4 Be7
23.Qh3 f5 24.Be1 g5 25.N4g3 Rf8 26.Nc1 Ba6 27.Qxh6 Qe5 28.Nge2 Qxe3 29.Nd4 Rf6
30.Qh8 Bc5 31.Nxc6 Rxc6  1-0

[Event "Continental Open"]
[Site "Los Angeles USA"]
[Date "2000.07.28"]
[Round "5"]
[White "Lakdawala,C"]
[Black "Ivanov,IV"]
[Result "1-0"]
[WhiteElo "2434"]
[BlackElo "2472"]

1.d4 Nf6 2.Bg5 Ne4 3.Bf4 d5 4.f3 Nf6 5.e4 e6 6.e5 Nfd7 7.Be3 c5 8.c3 Qb6
9.Qd2 f6 10.f4 g5 11.Nf3 g4 12.Nh4 Nc6 13.Be2 fxe5 14.fxe5 cxd4 15.cxd4 Ndxe5
16.O-O Ng6 17.Nxg6 hxg6 18.Nc3 Bd6 19.g3 Bd7 20.Nb5 Bb8 21.a4 a6 22.a5 Qd8
23.Bg5 Ne7 24.Nc3 Bd6 25.Bf6 Rh7 26.Qg5 Rh5 27.Qxg4 e5 28.Qxh5 gxh5 29.Bxh5+ Kf8
30.Bxe7+  1-0

[Event "KB Czech Open"]
[Site "Pardubice CZE"]
[Date "2000.07.28"]
[Round "8"]
[White "Schenk,Andreas"]
[Black "Meduna,E"]
[Result "1-0"]
[WhiteElo "2325"]
[BlackElo "2482"]

1.d4 Nf6 2.Bg5 Ne4 3.Bf4 c5 4.f3 Qa5+ 5.c3 Nf6 6.d5 Qb6 7.Bc1 e6 8.c4 exd5
9.cxd5 c4 10.e3 Bc5 11.Kf2 O-O 12.Bxc4 Re8 13.Qb3 Qd6 14.Nc3 a6 15.Nge2 b5
16.Bd3 Nc6 17.Ng3 Qf4 18.dxc6 Ng4+ 19.Kf1 Rxe3 20.Bxe3 Nxe3+ 21.Ke2 dxc6
22.Nce4 Bd4 23.Qb4 c5 24.Qd2 Qh4 25.Rac1 Bb7 26.Nxc5 Re8 27.Be4 Bxe4 28.Ngxe4 Nf5
29.g3 Qh3 30.Rce1 Bxc5 31.Kd1 Be7 32.Kc1 Rd8 33.Ng5 Rc8+ 34.Kb1 Bxg5 35.Qxg5 g6
36.Qd2 Ng7 37.Rc1 Rf8 38.Qd3 Ne6 39.f4 Nxf4 40.Qd6 Qf5+ 41.Ka1 Nd3 42.Rcd1 Nf2
43.Rhf1 Rc8 44.a3 Ne4 45.Qd8+ Rxd8 46.Rxd8+ Kg7 47.Rxf5 gxf5 48.Ra8 Nf2 49.Rxa6 Ng4
50.Rb6 Nxh2 51.Rxb5 Kg6 52.a4 h5 53.a5 h4 54.gxh4 f4 55.Rg5+  1-0

[Event "4th Open"]
[Site "Korinthos GRE"]
[Date "2000.08.02"]
[Round "9"]
[White "Drazic,S"]
[Black "Papastavropoulos,A"]
[Result "1-0"]
[WhiteElo "2508"]
[BlackElo "2211"]

1.d4 Nf6 2.Bg5 Ne4 3.Bf4 d5 4.f3 Nd6 5.Nc3 c6 6.e4 dxe4 7.fxe4 Qb6 8.b3 Qa5
9.Qd2 e6 10.Bd3 Na6 11.Nge2 Nb4 12.O-O Nxd3 13.Qxd3 Nb5 14.Nxb5 Qxb5 15.c4 Qh5
16.Be3 f6 17.Nf4 Qf7 18.e5 Be7 19.d5 O-O 20.d6 Bd8 21.g4 Bd7 22.h3 b6 23.c5 bxc5
24.Bxc5 f5 25.gxf5 Qxf5 26.Qxf5 Rxf5 27.Nd3 Rg5+ 28.Kh2 Bb6 29.Rf4 Rd8 30.Re1 Rf8
31.Ref1 Rgf5 32.Rxf5 exf5 33.h4 Re8 34.Rf4 Be6 35.Rb4 Bd8 36.Rb8 Kf7 37.Rb7+ Kg6
38.Nf4+ Kh6 39.Be3 g5 40.Nxe6 Rxe6 41.Bxg5+  1-0

[Event "HZ Open"]
[Site "Vlissingen NED"]
[Date "2000.08.02"]
[Round "6"]
[White "Halkias,S"]
[Black "Golod,V"]
[Result "0-1"]
[WhiteElo "2502"]
[BlackElo "2590"]

1.d4 Nf6 2.Bg5 Ne4 3.Bh4 c6 4.f3 Qa5+ 5.Nd2 Qh5 6.Nxe4 Qxh4+ 7.g3 Qh5 8.f4 Qb5
9.Bh3 Qxb2 10.Nf3 e6 11.O-O f5 12.Nf2 d5 13.g4 Bd6 14.Rb1 Qxa2 15.e3 O-O
16.Ng5 Qa5 17.Kh1 Qc7 18.Rg1 g6 19.Nd3 b5 20.Qe1 Qe7 21.Rg2 Nd7 22.Qh4 Kh8
23.Ne5 Bxe5 24.fxe5 Nb6 25.gxf5 exf5 26.Qf4 Be6 27.Rbg1 Rg8 28.Nf3 Nd7 29.Nh4 Qf7
30.Qh6 Nf8 31.Rf1 a5 32.Qf4 a4 33.Rfg1 a3 34.c3 a2 35.Ra1 Ra3 36.Rgxa2 Rxa2
37.Rxa2 g5 38.Qf2 gxh4 39.Qxh4 Ng6 40.Qh5 Qg7 41.Rg2 Qf7 42.Rf2 Nxe5  0-1

[Event "Open"]
[Site "Chania GRE"]
[Date "2000.08.06"]
[Round "5"]
[White "Papadopoulou,T"]
[Black "Khamrakulov,I"]
[Result "0-1"]
[WhiteElo "2146"]
[BlackElo "2359"]

1.d4 Nf6 2.Bg5 Ne4 3.h4 c5 4.dxc5 Qa5+ 5.Nd2 Nxc5 6.c3 Qc7 7.e4 Nc6 8.Ngf3 d6
9.Bc4 Bg4 10.Qc2 h6 11.Be3 e6 12.Nd4 a6 13.f3 Bh5 14.b4 Nd7 15.Qb3 Nce5 16.Be2 Rc8
17.g4 Qxc3 18.Qxc3 Rxc3 19.Kf2 Bg6 20.h5 Bh7 21.Rhc1 Nd3+ 22.Bxd3 Rxd3 23.Rc8+ Ke7
24.Rc7 d5 25.exd5 Kd6 26.Rxb7 Ne5 27.dxe6 fxe6 28.Rb8 Rg8 29.Ke2 Rc3 30.N2b3 Be7
31.Rb6+ Kc7 32.Nxe6+ Kc8 33.Rc1 Bd3+ 34.Kf2 Bc2 35.Nec5 Rf8 36.Rxa6 Rxf3+
37.Kg2 Rfxe3 38.Na5 Be4+  0-1

[Event "FSELOA August"]
[Site "Budapest HUN"]
[Date "2000.08.07"]
[Round "3"]
[White "Mihok,L"]
[Black "Jansen,F"]
[Result "1-0"]
[WhiteElo "2205"]
[BlackElo "2063"]

1.d4 Nf6 2.Bg5 Ne4 3.Bf4 g6 4.f3 Nf6 5.e4 d6 6.c4 Bg7 7.Nc3 Nbd7 8.Qd2 h6
9.Nge2 c6 10.g4 e5 11.Be3 a6 12.O-O-O Qc7 13.d5 cxd5 14.cxd5 b5 15.Kb1 Nb6
16.Ng3 Bd7 17.Rc1 Nc4 18.Bxc4 bxc4 19.h4 h5 20.gxh5 Nxh5 21.Nxh5 Rxh5 22.Ne2 Bf6
23.Ng3 Rxh4 24.Bg5 Rxh1 25.Rxh1 Ke7 26.Rh6 Ba4 27.Bxf6+ Kxf6 28.Nh5+ Ke7
29.Qg5+ Kd7 30.Qg4+ Ke7 31.Rh7 Rg8 32.Qe6+ Kf8 33.Nf6 fxe6 34.Rxc7 Rh8 35.Rc8+ Kg7
36.Rxh8 Kxh8 37.dxe6 Kg7 38.Nd5 Bc6 39.Kc2 g5 40.Kc3 Bb5 41.Kb4 Kg6 42.a4 Bc6
43.Ne7+  1-0

[Event "ch-GBR"]
[Site "Millfield ENG"]
[Date "2000.08.08"]
[Round "8"]
[White "Ward,C"]
[Black "Gormally,D"]
[Result "1-0"]
[WhiteElo "2508"]
[BlackElo "2499"]

1.d4 Nf6 2.Bg5 Ne4 3.Bf4 c5 4.f3 Qa5+ 5.c3 Nf6 6.d5 Qb6 7.Bc1 e6 8.c4 exd5
9.cxd5 c4 10.e3 Bc5 11.Kf2 O-O 12.Bxc4 d6 13.Ne2 Nbd7 14.Nbc3 Qc7 15.Nd4 Bb4
16.Be2 a6 17.e4 Bxc3 18.bxc3 Nc5 19.Re1 Bd7 20.Bf1 Ba4 21.Qd2 Rfe8 22.Nf5 Ncxe4+
23.fxe4 Nxe4+ 24.Rxe4 Rxe4 25.Bd3 Qb6+ 26.Kf3 Re5 27.Qg5 g6 28.Bf4 Rxf5 29.Bxf5 Re8
30.Bd3 Bb5 31.Be3 Qa5 32.Bxb5 Qxb5 33.Re1 f6 34.Qf4 Re5 35.g4 Qxd5+ 36.Kg3 Qe6
37.Qf2 Re4 38.h3 Qe5+ 39.Kg2 Qxc3 40.Bd2 Qe5 41.Rxe4 Qxe4+ 42.Qf3 Qe6 43.a3 d5
44.Bc3 Kf7 45.Kf2 Qd6 46.g5 f5 47.Bd4 Qh2+ 48.Kf1 Qd6 49.Bf2 Qc6 50.Qe3 Qb5+
51.Kg2 Qa4 52.Qb6 Qc6 53.Qd4 Ke6 54.Qf6+ Kd7 55.Qg7+ Kc8 56.Qh8+ Kc7 57.Qxh7+ Kc8
58.Qg8+ Kd7 59.Qf7+ Kc8 60.Qf8+ Kd7 61.Qg7+ Kc8 62.Qf6 Qe8 63.Kg1 Kd7 64.Qb6 Qe4
65.Qxb7+ Ke8 66.Qxa6  1-0

[Event "TCh-ESP"]
[Site "Barcelona ESP"]
[Date "2000.08.09"]
[Round "5"]
[White "Sargissian,G"]
[Black "Vidarte Morales,A"]
[Result "1-0"]
[WhiteElo "2474"]
[BlackElo "2380"]

1.d4 Nf6 2.Bg5 Ne4 3.Bf4 c5 4.f3 Nf6 5.dxc5 Qa5+ 6.Qd2 Qxc5 7.Nc3 d6 8.e4 a6
9.g4 h6 10.h4 e5 11.Be3 Qc7 12.Bh3 Be6 13.g5 Nh5 14.O-O-O Nd7 15.Nge2 Rc8
16.Bg4 g6 17.Kb1 b5 18.Nd5 Bxd5 19.Qxd5 Ng7 20.Qd2 h5 21.Bh3 Ne6 22.f4 Nxf4
23.Bxf4 exf4 24.Nxf4 Bg7 25.Nd5 Qc5 26.b4 Qc6 27.Bxd7+ Kxd7 28.Qf2 Ke8 29.Rhf1 Rf8
30.c3 Qb7 31.Nf6+ Bxf6 32.Qxf6 Qe7 33.Rxd6 Qxf6 34.gxf6 Rd8 35.Rxa6 Kd7 36.Rd1+ Kc7
37.Rxd8 Rxd8 38.Ra7+ Kd6 39.Rxf7 Ke6 40.Rb7 Kxf6 41.Rb6+ Kf7 42.Rxb5 Rd1+
43.Kb2 Rh1 44.a4 Rxh4 45.a5 Rxe4 46.a6 Re8 47.a7 Ra8 48.Rb7+ Ke6 49.b5  1-0

[Event "TCh-ESP"]
[Site "Barcelona ESP"]
[Date "2000.08.10"]
[Round "6"]
[White "Olea Perez,M"]
[Black "Glavina,P"]
[Result "1/2-1/2"]
[WhiteElo "2201"]
[BlackElo "2434"]

1.d4 Nf6 2.Bg5 Ne4 3.Bf4 c5 4.f3 Qa5+ 5.c3 Nf6 6.Nd2 cxd4 7.Nb3 Qb6 8.Qxd4 Qxd4
9.cxd4 e6 10.e4 d5 11.Bd3 Nc6 12.Rc1 Bb4+ 13.Bd2 a5 14.Ne2 O-O 15.a3 Bxd2+
16.Nxd2 dxe4 17.fxe4 Rd8 18.Nf3 Ne7 19.O-O Ng6 20.Ng5 h6 21.Nf3 Bd7 22.d5 exd5
23.exd5 Nxd5 24.Bxg6 fxg6 25.Rc5 Ne3 26.Rfc1 Bg4 27.Ned4 Ra6 28.Kf2 Nf5 29.Nxf5 Bxf5
30.Re1 Rf6 31.Re7 Rc8 32.Rxa5 g5 33.Kg3 Rc2 34.Nd4 Kf8 35.Rxb7 Rxg2+  1/2-1/2

[Event "ch-GBR"]
[Site "Millfield ENG"]
[Date "2000.08.10"]
[Round "10"]
[White "Miles,A"]
[Black "Hebden,M"]
[Result "0-1"]
[WhiteElo "2584"]
[BlackElo "2505"]

1.d4 Nf6 2.Bg5 Ne4 3.Bf4 c5 4.f3 Qa5+ 5.c3 Nf6 6.Nd2 cxd4 7.Nb3 Qb6 8.Qxd4 Nc6
9.Qxb6 axb6 10.Nd4 e5 11.Nxc6 dxc6 12.Bxe5 Be6 13.a3 b5 14.e4 b4 15.cxb4 Bxb4+
16.Kf2 Bc5+ 17.Ke1 Bb4+ 18.Ke2 Ba5 19.Nh3 Bb3 20.Nf4 O-O-O 21.Bc3 Bb6 22.Ke1 Rhe8
23.Be2 Nxe4 24.fxe4 Rxe4 25.g3 g5 26.Bf6 Rg8 27.Kd2 gxf4 28.Bd3 Ba5+ 29.Bc3 Bxc3+
30.Kxc3 Re3 31.gxf4 Rd8 32.Kxb3 Rdxd3+ 33.Ka2 Rd2 34.Rad1 Rf2 35.Rd4 Ree2
36.Rb4 Kc7 37.h3 b5 38.Rg1 Kb6 39.Rg8 Re6 40.Rb8+ Kc5 41.Rg8 h6 42.Rg7 Rf6
43.Rg4 Kb6 44.a4 Ka5 45.Ka3 Rd6 46.axb5 cxb5 47.Rg3 Rd1 48.Re4 Ra1+ 49.Kb3 Rb1
50.Kc3 Rfxb2 51.Rg7 Rb3+ 52.Kc2 R1b2+ 53.Kc1 f5 54.Re5 Rf2 55.Rxf5 Rxh3 56.Rg1 Rh4
57.Rf8 h5 58.f5 Rhf4 59.Rg5 h4 60.Rh5 Ka4 61.Rd8 b4 62.Rd1 Ka3 63.f6 Rc4+
64.Kb1 Rxf6 65.Ra5+ Kb3 66.Ra2 Rc3 67.Rh1 h3 68.Rah2 Rff3 69.Re2 Rg3 70.Reh2 Kc4
71.Ka1 Ra3+ 72.Kb1 Rgb3+ 73.Rb2 Rxb2+ 74.Kxb2 Rg3  0-1

[Event "TCh-ESP"]
[Site "Barcelona ESP"]
[Date "2000.08.11"]
[Round "7"]
[White "Granados Gomez,M"]
[Black "Paramos Dominguez,R"]
[Result "0-1"]
[WhiteElo "2408"]
[BlackElo "2439"]

1.d4 Nf6 2.Bg5 Ne4 3.Bh4 c5 4.f3 g5 5.fxe4 gxh4 6.e3 Bh6 7.Bc4 e6 8.Nf3 Bxe3
9.d5 d6 10.Qe2 Bf4 11.e5 dxe5 12.dxe6 Bxe6 13.Bxe6 fxe6 14.Nxe5 O-O 15.Nd3 Nc6
16.c3 Qg5 17.Nxf4 Rxf4 18.Nd2 Ne5 19.O-O-O Rf2  0-1

[Event "ECh-u20"]
[Site "Aviles ESP"]
[Date "2000.08.23"]
[Round "7"]
[White "Halkias,S"]
[Black "Andres Gonzalez,A"]
[Result "1/2-1/2"]
[WhiteElo "2502"]
[BlackElo "2362"]

1.d4 Nf6 2.Bg5 Ne4 3.Bf4 d5 4.Nd2 c5 5.e3 Nxd2 6.Qxd2 Nc6 7.Nf3 e6 8.Be2 Bd6
9.dxc5 Bxc5 10.O-O O-O 11.Rfd1 Qe7 12.Bg3 Rd8 13.a3 a5 14.Bb5 Bd7 15.Bc7 Rdc8
16.Bxc6 Rxc7 17.Bxd7 Rxd7 18.Qd3 Qf6 19.Qb5 Rc7 20.Rd2 g6 21.Rad1 Bf8 22.h3 Qe7
23.c3 Qc5 24.Qe2 Qc4 25.Qe1 Bg7 26.Re2 b5 27.e4 dxe4 28.Rxe4 Qc5 29.Qe2 Rb7
30.Ne5 Rc8 31.a4 bxa4 32.Rc4 Qf8 33.Nd7 Qe8 34.Rxc8 Qxc8 35.Qa6 a3 36.bxa3 Bxc3
37.Nb6 Qc7 38.Nd7 Ra7 39.Qb5 Rb7 40.Qg5 Bd4 41.Nf6+ Bxf6 42.Qxf6 Rb8 43.a4 Re8
44.g4 Qc6 45.Rd4 Qc1+ 46.Kg2 Qc2 47.g5 e5 48.Rd7 Qc4 49.Kg1 e4 50.Kg2 Qa2
51.Rd8 Qxa4 52.Qe7 Rxd8 53.Qxd8+ Kg7 54.Qf6+ Kf8 55.Qd8+ Qe8 56.Qxa5 Qe7
57.Qa8+ Kg7 58.Qa1+ f6 59.Qd4 Kf7 60.gxf6 Qxf6  1/2-1/2

[Event "Open"]
[Site "Collado Villalba ESP"]
[Date "2000.08.24"]
[Round "3"]
[White "Moreno,J"]
[Black "Cao,Je"]
[Result "1-0"]
[WhiteElo "2515"]
[BlackElo "2195"]

1.d4 Nf6 2.Bg5 Ne4 3.Bf4 d5 4.e3 Bf5 5.f3 Nd6 6.Nc3 e6 7.g4 Bg6 8.Bd3 Nc6
9.Nge2 Be7 10.Qd2 a6 11.Bg3 b5 12.h4 b4 13.Na4 Nb7 14.h5 Bxd3 15.cxd3 Bd6
16.Qc2 Nca5 17.Rc1 O-O 18.Kd2 Rc8 19.Bxd6 cxd6 20.Qxc8 Qxc8 21.Rxc8 Rxc8
22.Nb6 Rc7 23.Rc1 Rxc1 24.Nxc1 h6 25.e4 dxe4 26.dxe4 Nc6 27.Ke3 Kf8 28.Nd3 a5
29.d5 Na7 30.Kd4 Nb5+ 31.Kc4 Nc7 32.Nc1 e5 33.Nc8 g6 34.Nb3 gxh5 35.gxh5 Kg7
36.Nd2 Kf6 37.Nf1 Kg5 38.Ng3 Kh4 39.Nf5+ Kxh5 40.Ncxd6 Nxd6+ 41.Nxd6 Kg6
42.Kc5 h5 43.Nf5 Ne8 44.Kc6 Kg5 45.Kd7  1-0

[Event "MSO Ron Banwell mem"]
[Site "London ENG"]
[Date "2000.08.25"]
[Round "6"]
[White "Hodgson,Ju"]
[Black "Gormally,D"]
[Result "1/2-1/2"]
[WhiteElo "2640"]
[BlackElo "2499"]

1.d4 Nf6 2.Bg5 Ne4 3.Bf4 c5 4.f3 Qa5+ 5.c3 Nf6 6.d5 Qb6 7.b3 e6 8.e4 exd5
9.exd5 Bd6 10.Bg5 Be7 11.d6 Qxd6 12.Qxd6 Bxd6 13.Bxf6 gxf6 14.Bc4 Be7 15.Ne2 d6
16.Na3 a6 17.Bd5 Nd7 18.Nc4 Rb8 19.Ng3 b5 20.Ne3 Nb6 21.O-O-O Be6 22.Rhe1 Kd7
23.Be4 f5 24.Ngxf5 Bf8 25.g4 h5 26.g5 Kc7 27.h4 Rd8 28.f4 d5 29.Bf3 b4 30.Ng3 Bd6
31.Ne2 bxc3 32.f5 Bc8 33.Nxc3 Bg3 34.Ncxd5+ Nxd5 35.Nxd5+ Kb8 36.Re4 Bxf5
37.Rc4 Be6 38.b4 Bd7 39.bxc5 Bc6 40.Rb4+ Ka7 41.Rb6 Rc8 42.Nb4 Bxf3 43.Rxa6+ Kb8
44.Rb6+ Ka8 45.Ra6+ Kb8 46.Rb6+ Ka8  1/2-1/2

[Event "6th WUCC Women"]
[Site "Golden Sands BUL"]
[Date "2000.09.01"]
[Round "1"]
[White "Lomineishvili,M"]
[Black "Nikolova,N"]
[Result "1-0"]
[WhiteElo "2376"]
[BlackElo "2095"]

1.d4 Nf6 2.Bg5 Ne4 3.Bf4 d6 4.f3 Nf6 5.e4 Nbd7 6.Nc3 e5 7.Be3 Be7 8.Qd2 c6
9.Nge2 b5 10.d5 cxd5 11.Nxd5 Nb6 12.Bxb6 axb6 13.Nec3 O-O 14.Bxb5 Be6 15.Nxf6+ Bxf6
16.Rd1 Bh4+ 17.g3 Be7 18.Bc6 Ra5 19.O-O Qc7 20.Bd5 b5 21.a3 Rc8 22.Rf2 Qb6
23.Na2 h6 24.Kg2 Ra7 25.Qd3 Bh3+ 26.Kg1 Bg5 27.Re1 h5 28.Nb4 g6 29.Re2 Kg7
30.Bb3 Bc1 31.c3 Rb7 32.Nd5 Qd8 33.f4 h4 34.Re1 hxg3 35.hxg3 Bxf4 36.gxf4 Qh4
37.Re3 Rh8 38.Rh2 exf4 39.Rexh3 Qe1+ 40.Qf1  1-0

[Event "Borowski"]
[Site "Essen GER"]
[Date "2000.09.02"]
[Round "11"]
[White "Hennig,D"]
[Black "Appel,R"]
[Result "0-1"]
[WhiteElo "2442"]
[BlackElo "2481"]

1.d4 Nf6 2.Bg5 Ne4 3.Bf4 d6 4.Nd2 Nxd2 5.Qxd2 Nd7 6.Nf3 Nf6 7.Qd3 g6 8.e4 Bg7
9.e5 Nd5 10.Bd2 c6 11.c4 Nc7 12.exd6 exd6 13.Qe3+ Qe7 14.Qxe7+ Kxe7 15.Bg5+ Bf6
16.h4 h6 17.Bxf6+ Kxf6 18.O-O-O Bg4 19.Rd3 Rhe8 20.Kd2 Ne6 21.Be2 Nf4 22.Re3 Nxg2
23.Rxe8 Rxe8 24.Bd1 h5 25.b4 Re4 26.Kd3 d5 27.cxd5 cxd5 28.Rg1 Bxf3 29.Bxf3 Ne1+  0-1

[Event "Open"]
[Site "Cesenatico ITA"]
[Date "2000.09.04"]
[Round "2"]
[White "Adinolfi,V"]
[Black "Callier,C"]
[Result "1-0"]
[WhiteElo "2132"]
[BlackElo "2006"]

1.d4 Nf6 2.Bg5 Ne4 3.Bh4 g5 4.Bg3 Bg7 5.c3 c5 6.e3 Qb6 7.Qb3 Qxb3 8.axb3 Nc6
9.Nf3 d6 10.Bd3 Nxg3 11.hxg3 cxd4 12.exd4 h6 13.Nbd2 O-O 14.b4 e5 15.b5 Ne7
16.dxe5 dxe5 17.Nc4 Nd5 18.Nxg5 f5 19.Nh3 e4 20.Bc2 Bd7 21.Bb3 Kh8 22.O-O-O Nb6
23.Nf4 Kh7 24.Nd6 a6 25.bxa6 bxa6 26.Nf7 Be8 27.Nxh6  1-0

[Event "Open"]
[Site "Cesenatico ITA"]
[Date "2000.09.04"]
[Round "2"]
[White "Andreazza,A"]
[Black "Facchetti,G"]
[Result "1-0"]
[WhiteElo "2055"]
[BlackElo "2154"]

1.d4 Nf6 2.Bg5 Ne4 3.Bf4 d5 4.e3 e6 5.Bd3 Nf6 6.Nd2 c5 7.c3 Nc6 8.Ngf3 c4
9.Be2 b5 10.O-O Be7 11.a4 b4 12.b3 bxc3 13.Nb1 Ne4 14.bxc4 O-O 15.c5 g5 16.Bg3 Qa5
17.Ne5 Nxe5 18.Bxe5 f6 19.Bg3 Bd7 20.Qc2 Nxg3 21.hxg3 Rfb8 22.Nxc3 a6 23.Rfb1 Bd8
24.Bd3 f5 25.g4 Be7 26.gxf5 Kh8 27.fxe6 Bxe6 28.e4 Qd8 29.exd5 Bg8 30.Be4 Rxb1+
31.Rxb1 Rb8 32.Rxb8 Qxb8 33.d6 Bf6 34.Qb1 Qe8 35.Qd3 Be6 36.d5 Bc8 37.Qc4 Be5
38.Ne2 Qh5 39.g3 Bg4 40.f3 Bxf3 41.Bxf3 Qxf3 42.d7 Qf6 43.Qe4 Bc7 44.Qd4 Kg7
45.d6 Bd8 46.Qxf6+ Kxf6 47.Nd4  1-0

[Event "Golombek Mem"]
[Site "Paignton ENG"]
[Date "2000.09.05"]
[Round "3"]
[White "Gormally,D"]
[Black "Hebden,M"]
[Result "1-0"]
[WhiteElo "2499"]
[BlackElo "2505"]

1.d4 Nf6 2.Bg5 Ne4 3.Bf4 c5 4.f3 Qa5+ 5.c3 Nf6 6.d5 Qb6 7.b3 e6 8.e4 exd5
9.exd5 Bd6 10.Bg5 Be7 11.c4 d6 12.Nc3 O-O 13.Bd3 Qd8 14.Bd2 Nbd7 15.Nge2 Ne5
16.Bc2 Nh5 17.O-O f5 18.f4 Ng4 19.h3 Nh6 20.Bd3 Bf6 21.Qc2 Kh8 22.g3 Bd7
23.Kh2 g5 24.fxg5 Bxg5 25.Nf4 Nxf4 26.Bxf4 Bxf4 27.Rxf4 Qg5 28.Raf1 Rf7 29.Ne2 Re8
30.R4f3 Rg7 31.Qc1 Qxc1 32.Nxc1 Rge7 33.R3f2 Kg7 34.Ne2 Nf7 35.Nf4 Ne5 36.Bxf5 Bxf5
37.Nh5+ Kh6 38.Rxf5 Ng6 39.Nf6 Re2+ 40.Kg1  1-0

[Event "Open"]
[Site "Cesenatico ITA"]
[Date "2000.09.06"]
[Round "5"]
[White "Drazic,S"]
[Black "Grigore,G"]
[Result "1/2-1/2"]
[WhiteElo "2508"]
[BlackElo "2508"]

1.d4 Nf6 2.Bg5 Ne4 3.Bf4 c5 4.dxc5 Nc6 5.Nf3 Qa5+ 6.Nbd2 e5 7.Nxe5 Nxe5 8.Bxe5 Nxf2
9.Kxf2 Qxc5+ 10.e3 Qxe5 11.c3 Bc5 12.Qf3 O-O 13.Nb3 d6 14.Bd3 Be6 15.Rhe1 Rae8
16.Nxc5 dxc5 17.Qf4 Bd5  1/2-1/2

[Event "zt 1.3"]
[Site "Reykjavic ISL"]
[Date "2000.09.08"]
[Round "2.1"]
[White "Agdestein,S"]
[Black "Schandorff,L"]
[Result "0-1"]
[WhiteElo "2590"]
[BlackElo "2520"]

1.d4 Nf6 2.Bg5 Ne4 3.Bf4 c5 4.f3 Qa5+ 5.c3 Nf6 6.d5 e6 7.e4 exd5 8.e5 Qc7
9.g4 Nc6 10.Qe2 Ng8 11.Nh3 Qb6 12.Bg3 d6 13.exd6+ Be6 14.Nf4 Bxd6 15.Nxe6 Bxg3+
16.hxg3 fxe6 17.Qxe6+ Nge7 18.Rh2 Qc7 19.f4 Qd7 20.Qxd7+ Kxd7 21.g5 Rae8
22.Kf2 Kc7 23.Nd2 Nf5 24.Bh3 Nce7 25.Re1 h6 26.gxh6 Nxh6 27.Nf3 Nc6 28.Rd1 d4
29.Rhh1 dxc3 30.bxc3 Re7 31.Rhe1 Rhe8 32.Rxe7+ Rxe7 33.Ng5 Nd8 34.Kf3 Nhf7
35.Ne4 b6 36.Bf1 Nb7 37.c4 Rd7 38.Re1 Na5 39.Nc3 Kd8 40.Ne4 Kc7 41.g4 Re7
42.Rc1 Nc6 43.Nc3 Nd4+ 44.Kf2 Re8 45.g5 Nd6 46.Bd3 Rh8 47.Nd5+ Kd8 48.Kg2 N6f5
49.Rc3 Ne7 50.Nxe7 Kxe7 51.Ra3 a5 52.Bg6 Rf8 53.Re3+ Kd6 54.Kg3 b5 55.cxb5 Nxb5
56.Kg4 Nd4 57.Ra3 Ra8 58.Ra4 Ra7 59.Bd3 Kd5 60.Bc4+ Ke4 61.Ra3 Nc6 62.Bf1 Nb4
63.f5 Kd4 64.Ra4 c4 65.a3 Nd3 66.Bxd3 Kxd3 67.f6 gxf6 68.gxf6 c3 69.Rf4 c2
70.Rf3+ Ke2 71.f7 Rxf7  0-1

[Event "LVI ch-POR"]
[Site "Barreiro POR"]
[Date "2000.09.10"]
[Round "9"]
[White "Vitor,A"]
[Black "Pinheiro,J"]
[Result "1-0"]
[WhiteElo "2302"]
[BlackElo "2288"]

1.d4 Nf6 2.Bg5 Ne4 3.Bf4 c5 4.d5 Qb6 5.Qc1 Qa5+ 6.c3 Nf6 7.Qd1 Qb6 8.b3 e6
9.dxe6 fxe6 10.e4 Qc6 11.Bd3 Nxe4 12.Qh5+ Kd8 13.Nf3 d6 14.O-O Nf6 15.Qh4 Be7
16.Rd1 Ke8 17.a4 Qc7 18.Na3 a6 19.Nc4 e5 20.Nfxe5 dxe5 21.Nxe5 Rf8 22.Bxh7 Bd6
23.Nc6 Bxf4 24.Bg6+  1-0

[Event "It"]
[Site "Herzeliya ISR"]
[Date "2000.09.13"]
[Round "8"]
[White "Marcelin,C"]
[Black "Wells,P"]
[Result "0-1"]
[WhiteElo "2433"]
[BlackElo "2506"]

1.d4 Nf6 2.Bg5 Ne4 3.Bf4 c5 4.f3 Qa5+ 5.c3 Nf6 6.d5 e6 7.e4 exd5 8.exd5 d6
9.Nd2 Be7 10.a4 O-O 11.Nc4 Qd8 12.Qd2 Na6 13.g4 Re8 14.Ne2 Nc7 15.Ne3 b6
16.Kf2 h5 17.h3 Nh7 18.gxh5 Bh4+ 19.Bg3 Qg5 20.Bxh4 Qxh4+ 21.Ng3 Ng5 22.b3 Qf4
23.Bg2 Nxd5 24.Rae1 Nf6 25.Nef1 Nfe4+ 26.Nxe4 Nxe4+ 27.Rxe4 Rxe4 28.Qd5 Bb7
29.Qxb7 Rae8 30.Qa6 Re1 31.Qd3 R8e2+ 32.Kg1 Rd2 33.Qc4 Qg3 34.Rh2 Rf2 35.Kh1 Rexf1+  0-1

[Event "4NCL"]
[Site "Birmingham ENG"]
[Date "2000.09.23"]
[Round "1"]
[White "Dishman,S"]
[Black "Mack,A"]
[Result "1-0"]
[WhiteElo "2364"]
[BlackElo "2261"]

1.d4 Nf6 2.Bg5 Ne4 3.Bf4 c5 4.f3 Qa5+ 5.c3 Nf6 6.d5 Qb6 7.b3 e6 8.e4 exd5
9.exd5 Bd6 10.Bg5 Be7 11.d6 Qxd6 12.Qxd6 Bxd6 13.Bxf6 gxf6 14.Bc4 Be7 15.Na3 d5
16.Bxd5 Nc6 17.Ne2 Bd7 18.O-O-O O-O-O 19.Bxf7 Ne5 20.Bc4 Bf5 21.Ng3 Bg6 22.Be6+ Kb8
23.Bf5 Rhe8 24.Rxd8+ Rxd8 25.Rd1 Rxd1+ 26.Kxd1 Kc7 27.h4 Bf8 28.h5 Bxf5 29.Nxf5 Kd7
30.Ke2 Ke6 31.g4 a6 32.Nc4 Nxc4 33.bxc4 b5 34.Ke3 b4 35.cxb4 cxb4 36.Kd4 a5
37.c5 a4 38.Kc4 b3 39.axb3 a3 40.b4 a2 41.Nd4+ Kd7 42.Nc2 f5 43.Kb3 fxg4
44.fxg4  1-0

[Event "ch-PER"]
[Site "Lima PER"]
[Date "2000.10.03"]
[Round "5"]
[White "Soto,J"]
[Black "Esplana,C"]
[Result "1/2-1/2"]
[WhiteElo "2225"]
[BlackElo "2239"]

1.d4 Nf6 2.Bg5 Ne4 3.Bf4 d5 4.e3 Bf5 5.f3 Nf6 6.g4 Bg6 7.h4 h6 8.Bd3 Bxd3
9.cxd3 e6 10.Qb3 Nc6 11.Nc3 Qd7 12.Be5 Be7 13.Nge2 O-O-O 14.Rc1 Ne8 15.Nb5 Kb8  1/2-1/2

[Event "FSIMA October"]
[Site "Budapest HUN"]
[Date "2000.10.09"]
[Round "3"]
[White "Puschmann,L"]
[Black "Nyysti,S"]
[Result "1-0"]
[WhiteElo "2285"]
[BlackElo "2305"]

1.d4 Nf6 2.Bg5 Ne4 3.Bf4 c5 4.f3 Qa5+ 5.c3 Nf6 6.d5 Qb6 7.b3 e6 8.e4 exd5
9.exd5 Bd6 10.Be3 O-O 11.Kf2 Be5 12.Bc4 d6 13.Ne2 Qa5 14.a4 a6 15.Ra3 Re8
16.h3 g6 17.g4 h5 18.Qd2 hxg4 19.hxg4 Bxg4 20.Bd3 Bh5 21.Bh6 Nbd7 22.Qg5 Nh7
23.Qg2 c4 24.Bxc4 Qc5+ 25.Kf1 Kh8 26.Ra2 b5 27.Bd3 Qxd5 28.Be4 Qxb3 29.Ra3 Qb2
30.Bc1 d5 31.Bxb2 dxe4 32.Rxh5 gxh5 33.f4 Bf6 34.axb5 Nc5 35.Nd4 e3 36.Ke2 h4
37.Bc1 Rg8 38.Qh1 Rae8 39.Bxe3 Ne4 40.Nf5 Ng3+ 41.Nxg3 Rxg3 42.bxa6 Be7 43.Qc6 Nf6
44.a7 Bxa3 45.Qxe8+ Nxe8 46.a8=Q  1-0

[Event "Tatry Open"]
[Site "Tatranske Zruby SVK"]
[Date "2000.10.10"]
[Round "4"]
[White "Trojacek,P"]
[Black "Walek,M"]
[Result "1/2-1/2"]
[WhiteElo "2165"]
[BlackElo "2314"]

1.d4 Nf6 2.Bg5 Ne4 3.h4 c5 4.dxc5 Nxg5 5.hxg5 Qa5+ 6.Nc3 Qxc5 7.g6 fxg6 8.e3 d6
9.Nh3 Nc6 10.Qd5 Bxh3 11.Rxh3 Qxd5 12.Nxd5 Rc8 13.Bb5 e6 14.Nb4 g5 15.O-O-O Be7
16.Nxc6 bxc6 17.Bd3 h6 18.f4 Rf8 19.Rf3 gxf4 20.Rxf4 Bg5 21.Rxf8+ Kxf8 22.Kd2 Ke7
23.Rf1 Rb8 24.b3 Bf6 25.c4 a5 26.Rb1 h5 27.a3 c5 28.e4 Be5 29.Be2 g6 30.Kc2 Kf6
31.Rf1+ Kg7 32.a4 Rh8 33.Rh1 Rf8 34.Bf3 Kf6 35.Kd3 Bg3 36.Rh3 h4 37.Rh1 Ke5
38.Rf1 Rf4  1/2-1/2